Sociálna práca a podmienky na výkon niektorých odborných činností v oblasti sociálnych vecí a rodiny - zákon č. 219/2014

Úplné znenie zákona o sociálnej práci.

Salvato in:
Dettagli Bibliografici
Natura: Capitolo di libro
Lingua:slovacco
Soggetti:
Tags: Aggiungi Tag
Nessun Tag, puoi essere il primo ad aggiungerne!!

MARC

LEADER 00000naa a2200000 4500
001 0194005
005 20231120130236.9
041 0 |a slo 
044 |a SK 
245 1 0 |a Sociálna práca a podmienky na výkon niektorých odborných činností v oblasti sociálnych vecí a rodiny - zákon č. 219/2014 
520 |a Úplné znenie zákona o sociálnej práci. 
610 2 0 |a zákony 
610 2 0 |a Slovensko 
610 2 0 |a rodina 
610 2 0 |a práca sociálna